The theory of group representations

Αποθηκεύτηκε σε:
Λεπτομέρειες βιβλιογραφικής εγγραφής
Κύριος συγγραφέας: Mackey, George W. (George Whitelaw), 1916-2006
Μορφή: Βιβλίο
Γλώσσα:English
Δημοσίευση: [Chicago] : The university of Chicago, Department of Mathematics, 1955
Θέματα:
Ετικέτες: Προσθήκη ετικέτας
Δεν υπάρχουν, Καταχωρήστε ετικέτα πρώτοι!

MARC

LEADER 00000cam a2200000 i 4500
001 1/19962
008 120530s1955 eng d
035 |l 10112619 
040 |a GR-MY-UA  |b gre  |e aacr 
041 0 |a eng 
082 0 |a 512.2  |2 (22) 
100 1 |a Mackey, George W.   |q (George Whitelaw),   |d 1916-2006. 
245 1 4 |a The theory of group representations /  |c G. W. Mackey ; notes by Dr. Fell and Dr. Lowdenslager 
260 |a [Chicago] :   |b The university of Chicago,   |b Department of Mathematics,   |c 1955 
300 |a 186 σ.;  |c 28 σ. 
650 0 0 |a Representations of groups. 
852 |a INST  |b SAMOS  |e 20120530  |h 512.2 MAC  |p 005300033757  |q 005300033757  |t BK  |y 0 
901 |a BIBL3-2012-2 
909 |a Σ  |b 172303 
970 |a ΚΟΣΙΕΡΗΣ  |b ΧΡΗΣΤΟΣ  |z 2012/05/30